000 01108cac a2200349 i 4500
003 EG-GICUC
005 20260121101429.0
008 940331s1994 mnu frb 000 0 eng d
020 _a0314037187
020 _a9780314037183
040 _aDLC
_cDLC
_dDLC
_dEG-GICUC
_beng
_erda
043 _an-us---
050 0 0 _aKF4549
_b.M63 1994
082 0 0 _a342.073
_221
092 0 4 _221
099 _aLaw 08 1994
100 1 _aGarvey, John H.,
_d1948-
245 0 0 _aModern constitutional theory :
_ba reader /
_cby John H. Garvey and T. Alexander Aleinikoff.
250 _a3rd edition.
264 _aSt. Paul, Minn. :
_bWest Pub. Co.,
_c1994.
300 _axxi, 738 page ;
_c26 cm.
336 _atext
_btxt
_2rdacontent
337 _aunmediated
_bn
_2rdamedia
338 _avolume
_bnc
_2rdacarrier
440 0 _aAmerican casebook series
504 _aIncludes bibliographical references.
650 0 _aConstitutional law
_zUnited States.
700 1 _aAleinikoff, Thomas Alexander,
_d1952-
856 4 0 _uhttps://fll.law.cu.edu.eg/fulltext/bks/ENGB08-00084.pdf
905 _a10
942 _2ddc
_cBK
_e21
_n0
999 _c48335
_d48335